000
00393nam a22001097a 4500
999
_c
13779
_d
13779
082
_a
891.43
100
_a
سردار شیر محمّد خان گنڈاپور
245
_a
تاریخ پشتون
_b
(تاریخ خورشید جہاں کا اردو ترجمہ)
260
_a
لاہور
_b
شیخ شوکت علی پرنٹرز اینڈ پبلشرز
_c
٢٠٠٣
300
_a
٦٩٠ صفحات
942
_c
BK